Organizácia spojených národov a riešenie humanitárnych kríz bakalárska práca

Guardado en:
Detalles Bibliográficos
Autor principal: Sipos, David
Autor Corporativo: Fakulta medzinárodných vzťahov EU. Katedra medzinárodných politických vzťahov
Otros Autores: Kurucz, Milan, 1954-
Formato: Libro
Lenguaje:eslovaco
Publicado: Bratislava 2021
Etiquetas: Agregar Etiqueta
Sin Etiquetas, Sea el primero en etiquetar este registro!

MARC

LEADER 00000nbm a2200000 4500
001 0275381
005 20220222103435.0
041 0 |a slo 
044 |a SK 
245 1 0 |a Organizácia spojených národov a riešenie humanitárnych kríz  |b bakalárska práca  |c David Sipos ; školiteľ: Milan Kurucz 
264 1 |a Bratislava  |c 2021 
300 |a 65 s. 
100 1 |a Sipos, David 
700 1 |a Kurucz, Milan, 1954- 
710 2 |a Fakulta medzinárodných vzťahov EU. Katedra medzinárodných politických vzťahov